000 04222cam a22012614i 4500
003 PE-LiUPU
005 20250813185331.0
008 160810s2013 ck a rb 000 0 spa d
020 _a9588572851
020 _a9789588572857
035 _a(Sirsi) a162873
040 _aPE-LiUPU
_bspa
_cPE-LiUPU
_erda
049 _aPRUA
082 0 4 _a363.508
_bP45
_223
100 1 _aPeréz Peréz, Alex Leonardo,
_eautor.
245 1 0 _aBases para el diseño de la vivienda de interés social :
_bSegún las necesidades y expectativas de los usuarios /
_cAlex Leandro, Pérez Pérez.
250 _aPrimera edición.
264 _aBogotá :
_bUniversidad de la Salle
_c2013.
300 _a279 páginas
_bIlustraciones
_c20 centimetros
336 _atext
_2rdacontent
337 _aunmediated
_2rdamedia
338 _avolume
_2rdacarrier
504 _aBibliografía : página 191.
505 0 _aCalidad de la vivienda en función de las necesidades y expectativas del usuario -- El diseño de la vivienda para sectores de bajos ingresos -- Procedimiento de evaluación -- Evaluación de experiencias internacionales -- Conclusiones parciales -- Antecedentes -- Estudio de casos -- La vivienda de interés social en Bogotá.Situación actual -- Concluciones parciales -- Necesidades y expectativas del usuario -- Relación de la vivienda con su entorno -- Funcionalidad y especialidad -- Importancia relativa delos parámetros de la caracterización de las soluciones habitacionales en la calidad expresada a travéz de la satisfacción de los usuario según su criterio de expertos -- Diferencia costo compra-valoración actual y consideraciones económicas -- Relación presente, pasad y futuro -- Bases para nuevos diseños -- Concluciones parciales.
526 _aP202
526 _aP201
526 _aP163
526 _aP162
526 _aP161
526 _aP160
526 _aP148
526 _aP147
526 _aP146
526 _aP145
526 _aP144
526 _aP143
526 _aP142
526 _aP141
526 _aP140
526 _aP139
526 _aP138
526 _aP137
526 _aP136
526 _aP135
526 _aP134
526 _aP133
526 _aP129
526 _aP128
526 _aP127
526 _aP120
526 _aP119
526 _aP118
526 _aP116
526 _aP115
526 _aP114
526 _aP110
526 _aP109
526 _aP108
526 _aP104
526 _aP103
526 _aP102
526 _aP99
526 _aP98
526 _aP97
526 _aP96
526 _aP95
526 _aP93
526 _aP90
526 _aP89
526 _aP88
526 _aP83
526 _aP82
526 _aP62
526 _aP59
526 _aP58
526 _aP57
526 _aP51
526 _aP49
526 _aP48
526 _aP47
526 _aP29
526 _aP24
526 _aP20
526 _aP19
526 _aP17
526 _aP15
526 _aP14
526 _aP12
526 _aP10
526 _aP09
526 _aP08
526 _aP07
526 _aP06
526 _aP05
526 _aP04
526 _aP01
650 1 4 _aViviendas de protección oficial.
650 2 4 _aEstructuras (Construcción)
_xCálculo.
910 _ajck
_bjos
_cjpc
_d201608010
910 _ajck
_bjvq
_cjpc
_d20170726
942 _2ddc
_cBOOK
949 _a363.508 P45
_wDEWEY
_c2
_i70699
_lCATALOGING
_mBUL
_p34.99
_r0
_sY
_tBOOK
_u12016-08-10
_xINGENIERIA
_PP25
_0COMPRA
_o.CIRCNOTE. El documento es de alto precio.
_o.STAFF. Colección Ingeniería y Arquitectura
596 _a1
999 _a363.508 P45
_wDEWEY
_c11809
_i70699
_d11809
_e2018-8-11
_f2021-11-9
_g6
_lCCODEBUL1
_mBUL
_n5
_p34.99
_q1
_r0
_sY
_tBOOK
_u2016-8-10
_xINGENIERIA
_PP25
_0COMPRA
_o.STAFF. Colección General
999 _a363.508 P45
_wDEWEY
_c2
_i76290
_d2018-11-5
_e2018-10-26
_f2021-11-9
_g4
_lCCODEBUL1
_mBUL
_n1
_p48.00
_r0
_sY
_tBOOK
_u2017-7-26
_xINGENIERIA
_PP06
_0COMPRA
_o.STAFF. Colección Ingeniería y Arquitectura
980 _81
_gALBERTO SANCHEZ Responsable de Automatización